00756cam a2200205 a 450000100100000000500170001000800410002704000250006808200150009310000310010824500210013926000560016030000210021649000620023765000260029965000280032583000680035395201140042199900150053500000118620200929145512.0740718s1953 xx 000 0 eng  aDO-SdBNPbspacBNPHU a410bP461L1 aPerrot, Jean,d1925-9403413aLa linguistique. aParís :bPresses universitaires de France,c1953. a135 p. ;c18 cm.1 aQue sais-je?, le point des connaissances actuelles ;v570 4aLingüística94035 4aLenguaje y lenguas9407 0aQue sais-je?, le point des connaissances actuelles ;n57094036 00105470aGRbGRcHDd2009-08-07iLF1l0o410 P461Lp1186-10r2020-06-25w2020-06-25y4ZPréstamo en sala c1137d1137